| 000 | 00543nam a2200181Ia 4500 | ||
|---|---|---|---|
| 008 | 090123s9999 xx 000 0 und d | ||
| 082 | _b37064 | ||
| 100 | _aसोनवणे सुहास | ||
| 245 | _aमुंबई कालची | ||
| 250 | _a1 | ||
| 260 |
_bअनघा प्रकाशन _c2004 |
||
| 300 | _a167 | ||
| 600 | _aसोनवणे सुहास | ||
| 630 | _aमुंबई कालची | ||
| 700 | _aसोनवणे सुहास | ||
| 730 | _aमुंबई कालची | ||
| 942 | _cBOOK | ||
| 999 |
_c75129 _d75129 |
||